000 00353nam a2200133Ia 4500
008 240624s9999 xx 000 0 und d
041 _aeng
082 _a658.406 CAM
100 _aCAMERON ESTHER
245 _aMAKING SENSE OF CHANGE MANAGEMENT A COMP
260 _c2004
_aNew Delhi
_bKogan Page
300 _aviii, : 280 : p. : cm. ; 23
365 _cRS
_b32
999 _c7661
_d7661